Clubes y talleres : estrategias didácticas para la educación básica /
Guardado en:
| Autor Principal: | |
|---|---|
| Formato: | Libro |
| Publicado: |
Buenos Aires :
Braga,
1987
|
| Materias: | |
| Etiquetas: |
Agregar Etiqueta
Sin Etiquetas, Sea el primero en etiquetar este registro!
|
| LEADER | 00741nam a22001935a 4500 | ||
|---|---|---|---|
| 001 | CEM.cems006728 | ||
| 005 | 20060214000000.0 | ||
| 008 | 130507s1987##################000#0#####d | ||
| 003 | CEMS | ||
| 082 | 0 | 4 | |a 371.3 |
| 100 | 1 | |a Zafferri, Emilia | |
| 245 | 1 | 0 | |a Clubes y talleres : |b estrategias didácticas para la educación básica / |
| 260 | |a Buenos Aires : |b Braga, |c 1987 | ||
| 300 | |a 125 p. | ||
| 505 | 0 | |a Clubes y talleres en la escuela.- El inicio en las actividades de participaci¢n grupal.- Los clubes escolares.- Los talleres escolares y posibilidades del proyecto escolar £nico.- | |
| 653 | |a Clubes escolares | ||
| 653 | |a Educacion primaria | ||
| 653 | |a Talleres educativos | ||
| 859 | |a CEMS |b BIB. CEMS - 11 de abril |h 371.3 |i Z11 |p 15721.90 |t Ej.1 | ||
